000 00744nam a22002297a 4500
999 _c101834
_d101834
005 20181205115334.0
010 _aENG-115645
020 _a9789351436782
_c360.00
035 _aEN-99177
037 _bDBAD/PUB
082 _a004.076
100 _aTrivedi,Om S.
245 _aUnderstanding information technology :
_cby Om S.Trivedi; edited by Eesha Narang
_ba srlf-study module /
250 _a3rd ed.
260 _aGurgaon
_bLexis Nexis
_c2016
270 _a14th Floor, Building No.10, Tower-B, DLF Cyber City, Phase-II
_bGurgaon
_e122002
300 _axxxiii,303p :
_c28cm(pbk)
_bill.
490 _aCA intermediate(IPC)
500 _aIncludes Glossary
700 _a Narang,Eesha
942 _2ddc
_cEN
_mTRI
_h004.076